<?xml version="1.0" encoding="UTF-8"?>
<collection xmlns="http://www.loc.gov/MARC21/slim">
 <record>
  <leader>04320nam a2200361 a 4500</leader>
  <controlfield tag="001">kal2685</controlfield>
  <controlfield tag="003">Gr-AtHEAL</controlfield>
  <controlfield tag="005">20160421091936.0</controlfield>
  <controlfield tag="006">m        d        </controlfield>
  <controlfield tag="008">160413s2015    gr      s           gre|c</controlfield>
  <datafield tag="020" ind1=" " ind2=" ">
   <subfield code="a">9789606032356</subfield>
  </datafield>
  <datafield tag="040" ind1=" " ind2=" ">
   <subfield code="a">GR-AtHEAL</subfield>
   <subfield code="b">gre</subfield>
   <subfield code="c">GR-AtHEAL</subfield>
  </datafield>
  <datafield tag="082" ind1="0" ind2="4">
   <subfield code="a">597</subfield>
   <subfield code="2">23</subfield>
  </datafield>
  <datafield tag="100" ind1="1" ind2=" ">
   <subfield code="a">Στεργίου, Κωνσταντίνος.</subfield>
   <subfield code="8">148</subfield>
  </datafield>
  <datafield tag="245" ind1="1" ind2="0">
   <subfield code="a">Αλιευτική βιολογία και αλιεία </subfield>
   <subfield code="h">[Ηλεκτρονικός πόρος] </subfield>
   <subfield code="c">Στεργίου, Κωνσταντίνος ;  Τσικλήρας, Αθανάσιος ; Κριτικός αναγνώστης, Μαχιάς, Αθανάσιος ;  Γραφιστική επιμέλεια, Αφουξενίδης, Αυξέντιος  ; Γλωσσική επιμέλεια,Βιολιτζή, Γεωργία.</subfield>
  </datafield>
  <datafield tag="260" ind1=" " ind2=" ">
   <subfield code="a">Αθήνα :</subfield>
   <subfield code="b">Σύνδεσμος Ελληνικών Ακαδημαϊκών Βιβλιοθηκών,</subfield>
   <subfield code="c">c2015.</subfield>
  </datafield>
  <datafield tag="490" ind1=" " ind2=" ">
   <subfield code="a">Ακαδημαϊκά Ηλεκτρονικά Συγγράμματα και Βοηθήματα Κάλλιπος</subfield>
   <subfield code="8">40</subfield>
  </datafield>
  <datafield tag="520" ind1=" " ind2=" ">
   <subfield code="a">Το βιβλίο αρχίζει με ένα εισαγωγικό κεφάλαιο (Κεφάλαιο 1: Εισαγωγή) και στη συνέχεια διαρθρώνεται σε δύο ενότητες, την Αλιεία και την Αλιευτική βιολογία. Στην ενότητα της αλιείας (Ενότητα Ι) περιλαμβάνονται 4 κεφάλαια (Κεφάλαιο 2: Αλιευτικά εργαλεία και επιλεκτικότητα, Κεφάλαιο 3: Παραγωγικές διαδικασίες και αλιευτικοί πόροι, Κεφάλαιο 4: Κατηγορίες αλιείας, αλιευτική προσπάθεια και υπεραλίευση, Κεφάλαιο 5: Η επίδραση της αλιείας στους οργανισμούς και το οικοσύστημα), τα οποία αναλύονται ξεχωριστά. Στην ενότητα της αλιευτικής βιολογίας (Ενότητα ΙΙ) περιλαμβάνονται 5 κεφάλαια (Κεφάλαιο 6: Ηλικία, Κεφάλαιο 7: Αύξηση, Κεφάλαιο 8: Θνησιμότητα, Κεφάλαιο 9: Αναπαραγωγή. Κεφάλαιο 10: Διατροφή). Στο τέλος κάθε κεφαλαίου θα υπάρχουν 2-3 ασκήσεις. Το βιβλίο κλείνει με το Κεφάλαιο της βιβλιογραφίας.</subfield>
  </datafield>
  <datafield tag="650" ind1=" " ind2="0">
   <subfield code="a">Fisheries</subfield>
   <subfield code="8">1948</subfield>
  </datafield>
  <datafield tag="650" ind1=" " ind2="0">
   <subfield code="a">Ichthyology</subfield>
   <subfield code="8">1949</subfield>
  </datafield>
  <datafield tag="653" ind1=" " ind2=" ">
   <subfield code="a">Αλιευτικά εργαλεία</subfield>
  </datafield>
  <datafield tag="653" ind1=" " ind2=" ">
   <subfield code="a">Οικονομικές Επιστήμες</subfield>
   <subfield code="a">Αγροτική οικονομική και οικονομική φυσικών πόρων, περιβαλλοντική και οικολογική οικονομική</subfield>
   <subfield code="a">Ανανεώσιμες πηγές και διατήρηση</subfield>
   <subfield code="a">Αλιεία</subfield>
  </datafield>
  <datafield tag="653" ind1=" " ind2=" ">
   <subfield code="a">Επιστήμες της ζωής</subfield>
   <subfield code="a">Λειτουργική και οργανισμική βιολογία</subfield>
   <subfield code="a">Ζωολογία/βιολογία των ζώων</subfield>
   <subfield code="a">Ιχθυολογία</subfield>
  </datafield>
  <datafield tag="653" ind1=" " ind2=" ">
   <subfield code="a">Επιστήμες της ζωής</subfield>
   <subfield code="a">Λειτουργική και οργανισμική βιολογία</subfield>
   <subfield code="a">Θαλάσσια βιολογία/Υδροβιολογία</subfield>
  </datafield>
  <datafield tag="653" ind1=" " ind2=" ">
   <subfield code="a">Επιστήμες της ζωής</subfield>
   <subfield code="a">Λειτουργική και οργανισμική βιολογία</subfield>
   <subfield code="a">Ζωολογία/βιολογία των ζώων</subfield>
  </datafield>
  <datafield tag="653" ind1=" " ind2=" ">
   <subfield code="a">Επιστήμες της ζωής</subfield>
   <subfield code="a">Λειτουργική και οργανισμική βιολογία</subfield>
   <subfield code="a">Ζωολογία/βιολογία των ζώων</subfield>
   <subfield code="a">Ιχθυολογία</subfield>
   <subfield code="a">Αλιευτική Βιολογία</subfield>
  </datafield>
  <datafield tag="700" ind1="1" ind2=" ">
   <subfield code="a">Τσικλήρας, Αθανάσιος</subfield>
   <subfield code="e">Συγγραφέας</subfield>
   <subfield code="8">164</subfield>
  </datafield>
  <datafield tag="700" ind1="1" ind2=" ">
   <subfield code="a">Μαχιάς, Αθανάσιος</subfield>
   <subfield code="e">Κριτικός αναγνώστης</subfield>
   <subfield code="8">165</subfield>
  </datafield>
  <datafield tag="856" ind1="4" ind2="0">
   <subfield code="u">http://hdl.handle.net/11419/2685</subfield>
   <subfield code="z">Πλήρες Κείμενο - Full text</subfield>
  </datafield>
  <datafield tag="907" ind1=" " ind2=" ">
   <subfield code="a">.b25680973</subfield>
   <subfield code="b">12-06-18</subfield>
   <subfield code="c">29-07-16</subfield>
  </datafield>
  <datafield tag="949" ind1=" " ind2=" ">
   <subfield code="0">0</subfield>
   <subfield code="1">0</subfield>
   <subfield code="2">ddc</subfield>
   <subfield code="4">0</subfield>
   <subfield code="6">597_000000000000000_ΣΤΕ</subfield>
   <subfield code="7">0</subfield>
   <subfield code="8">KALL</subfield>
   <subfield code="8">856</subfield>
   <subfield code="d">2016-04-13</subfield>
   <subfield code="r">2016-04-13</subfield>
   <subfield code="w">2016-04-13</subfield>
   <subfield code="z">597 ΣΤΕ</subfield>
   <subfield code="o">SEAB KALLIPOS</subfield>
  </datafield>
  <datafield tag="998" ind1=" " ind2=" ">
   <subfield code="a">80</subfield>
   <subfield code="a">01</subfield>
   <subfield code="a">02</subfield>
   <subfield code="a">03</subfield>
   <subfield code="a">04</subfield>
   <subfield code="a">05</subfield>
   <subfield code="a">06</subfield>
   <subfield code="a">07</subfield>
   <subfield code="a">08</subfield>
   <subfield code="a">09</subfield>
   <subfield code="a">10</subfield>
   <subfield code="a">11</subfield>
   <subfield code="a">12</subfield>
   <subfield code="a">13</subfield>
   <subfield code="a">14</subfield>
   <subfield code="a">15</subfield>
   <subfield code="a">16</subfield>
   <subfield code="a">17</subfield>
   <subfield code="a">18</subfield>
   <subfield code="a">19</subfield>
   <subfield code="a">20</subfield>
   <subfield code="a">21</subfield>
   <subfield code="a">22</subfield>
   <subfield code="a">23</subfield>
   <subfield code="a">24</subfield>
   <subfield code="a">25</subfield>
   <subfield code="a">26</subfield>
   <subfield code="b">22-05-17</subfield>
   <subfield code="c">m</subfield>
   <subfield code="d">z  </subfield>
   <subfield code="e">-</subfield>
   <subfield code="f">gre</subfield>
   <subfield code="g">gr </subfield>
   <subfield code="h">0</subfield>
  </datafield>
  <datafield tag="942" ind1=" " ind2=" ">
   <subfield code="2">ddc</subfield>
   <subfield code="c">KALLIPOS</subfield>
  </datafield>
 </record>
</collection>
